00699nac a22002051u 4500010001600000020001500016082001800031090001500049100003400064245005800098260004600156300003300202500002800235511002900263650002300292650003700315942002000352999001500372952010600387 a 99061348 a067231669200a006.6633bPAN c5756d5756 aPantham, Satyaraj. 10aPure JFC 2D graphics and imaging /cSatyaraj Pantham. aIndianapolis, Ind. :bSams,c2000.cc2000. aix, 360 p. :bill. ;c23 cm. aDistributer : Al-Ahram. aCatalogued By : Mahitab. 0aComputer graphics. 0aJava (Computer program language) cBBk006.6633PAN c5756d5756 00104070aMAINbMAINcLOWd2005-11-07ePurchasel0o006.6633PANp000007480r2025-07-15 00:00:00yBB